Talmud - Tinh hoa trí tuệ Do Thái

Tìm hiểu trí tuệ của người Do Thái qua việc phân tích bộ tác phẩm Talmud nổi tiếng và những câu chuyện sinh động thuộc mọi lĩnh vực: văn hoá, khoa học, công nghệ, kinh doanh, giáo dục, đối nhân xử thế......

ver descrição completa

Na minha lista:
Detalhes bibliográficos
Autor principal: Từ, Quang Á
Outros Autores: Tiến Thành
Formato: Livro
Idioma:Undetermined
Publicado em: H. Hồng Đức 2018
Assuntos:
Acesso em linha:http://lrc.tdmu.edu.vn/opac/search/detail.asp?aID=2&ID=36607
Tags: Adicionar Tag
Sem tags, seja o primeiro a adicionar uma tag!
Thư viện lưu trữ: Trung tâm Học liệu Trường Đại học Thủ Dầu Một
LEADER 01071nam a2200217Ia 4500
001 TDMU_36607
008 210410s9999 xx 000 0 und d
082 |a 153.9 
090 |b T550 
100 |a Từ, Quang Á 
245 0 |a Talmud - Tinh hoa trí tuệ Do Thái 
245 0 |c Từ Quang Á; Tiến Thành, Kiến Văn dịch 
260 |a H. 
260 |b Hồng Đức 
260 |c 2018 
300 |a 279tr. 
520 |a Tìm hiểu trí tuệ của người Do Thái qua việc phân tích bộ tác phẩm Talmud nổi tiếng và những câu chuyện sinh động thuộc mọi lĩnh vực: văn hoá, khoa học, công nghệ, kinh doanh, giáo dục, đối nhân xử thế... 
650 |a Trí tuệ  |x Người Do Thái; Bí quyết thành công  |x Khía cạnh tâm lý; Tác phẩm Talmund 
700 |a Tiến Thành 
856 |u http://lrc.tdmu.edu.vn/opac/search/detail.asp?aID=2&ID=36607 
980 |a Trung tâm Học liệu Trường Đại học Thủ Dầu Một